ՀՀ Գիտությունների ազգային ակադեմիայի հիմնարար գիտական գրադարան  =   Fundamental Scientific Library of NAS RA

Абакан : (Record no. 85116)

MARC details
000 -LEADER
fixed length control field 00721nam a2200193 a 4500
001 - CONTROL NUMBER
control field 000240354
003 - CONTROL NUMBER IDENTIFIER
control field AM-YeHGA
005 - DATE AND TIME OF LATEST TRANSACTION
control field 20250617124747.0
008 - FIXED-LENGTH DATA ELEMENTS--GENERAL INFORMATION
fixed length control field 030626s1990 |||a r 000 0 rus d
020 ## - INTERNATIONAL STANDARD BOOK NUMBER
International Standard Book Number 5747902539
040 ## - CATALOGING SOURCE
Original cataloging agency AM-YeHGA
090 ## - LOCALLY ASSIGNED LC-TYPE CALL NUMBER (OCLC); LOCAL CALL NUMBER (RLIN)
-- 86395
100 1# - MAIN ENTRY--PERSONAL NAME
Personal name Торосов, Владислав Михайлович
245 10 - TITLE STATEMENT
Title Абакан :
Remainder of title Города и поселки Краснояр. края /
Statement of responsibility, etc. Владислав Торосов.
260 ## - PUBLICATION, DISTRIBUTION, ETC.
Place of publication, distribution, etc. Красноярск :
Name of publisher, distributor, etc. Краснояр. кн. изд-во,
Date of publication, distribution, etc. 1990.
300 ## - PHYSICAL DESCRIPTION
Extent 240 с.
Other physical details [4] л. ил., ил.
440 #0 - SERIES STATEMENT/ADDED ENTRY--TITLE
Title Города и поселки Красноярского края
653 0# - INDEX TERM--UNCONTROLLED
Uncontrolled term Краеведение - Абакан
Holdings
Withdrawn status Lost status Damaged status Not for loan Collection Home library Current library Date acquired Total checkouts Full call number Barcode Date last seen Price effective from Koha item type Public note
        General Fundamental Scientific Library Fundamental Scientific Library 22/12/2016   908.571.513-25 110063199 22/12/2016 22/12/2016 Գրքեր / Books 30 Days Loan


ՀՀ ԳԱԱ հիմնարար գիտական գրադարան
ՀՀ,Երևան 0019
Մարշալ Բաղրամյան 24/6
հեռախոս:(374-10) 52-47-50
Հետադարձ կապ

All site content, except where otherwise noted, is licensed under a
Creative Commons License